000 00648nam a2200193Ia 4500
003 GCL
008 140319s9999 xx 000 0 ara d
040 _aGCL /
_cGCL
082 0 4 _a791.43
_bه ك
100 1 _aفريد المزاوى
245 1 0 _aكيف تكتب القصص السينمائية (هدية من الاديب عبدالفتاح الجمل) /
_cفريد المزاوى
700 1 _aهاريسون, ريتشارد
700 1 _aشوقى السكرى
300 _a197 ص
490 _aالهيئة العامة للاستعلامات
_v0
650 0 4 _aالسينما
650 0 4 _aالسينما والادب
942 _2ddc
_cBK
999 _c47215
_d47215